000 00329 a2200133 4500
000 nam a22 7a 4500
005 20260108144324.0
100 _aDhillon, W.S.
_9863147
245 _aNursery Production and Orchard Management
260 _bAstral
_c2025
440 _aVolume 1
_9863148
490 _aVolume 1
942 _cTEXL
999 _c1467316
_d1467316